| 000 | 01472cam a2200361 a 4500 | ||
|---|---|---|---|
| 001 | 13113253 | ||
| 003 | Nust | ||
| 005 | 20220728145637.0 | ||
| 008 | 030306r20021966mauab 001 1 eng | ||
| 010 | _a 2003542567 | ||
| 020 | _a9780261103597 | ||
| 040 |
_aDLC _cDLC _dDLC |
||
| 050 | 0 | 0 |
_aPR6039.O32 _bL6 2002b pt. 3 |
| 082 |
_a823.912 _bTOL |
||
| 100 | 1 |
_aTolkien, J. R. R. _q(John Ronald Reuel), _d1892-1973. _914403 |
|
| 245 | 1 | 4 |
_aThe return of the king; _bbeing the third part of the lord of the rings part 3 / _cJ.R.R. Tolkien ; illustrated by Alan Lee. |
| 260 |
_aBoston : _bHoughton Mifflin, _c2002. |
||
| 300 |
_axii p., p. 755-1178 : _bcol. ill., map ; _c26 cm. |
||
| 490 | 1 |
_aLord of the rings ; _vpt. 3 |
|
| 500 | _aMap on lining pages. | ||
| 500 | _aIncludes index. | ||
| 600 | 1 | 0 |
_aBaggins, Frodo _vFiction. _995654 |
| 650 | 0 |
_aMiddle Earth (Imaginary place) _vFiction. _914404 |
|
| 655 | 7 |
_aAdventure fiction. _2gsafd _95620 |
|
| 655 | 7 |
_aFantasy fiction. _2gsafd |
|
| 700 | 1 |
_aLee, Alan. _914406 |
|
| 800 | 1 |
_aTolkien, J. R. R. _q(John Ronald Reuel), _d1892-1973. _tLord of the rings (2002) ; _vpt. 3. _995660 |
|
| 856 | 4 | 2 |
_3Publisher description _uhttp://www.loc.gov/catdir/description/hm031/2003542567.html |
| 856 | 4 | 2 |
_3Contributor biographical information _uhttp://www.loc.gov/catdir/enhancements/fy0736/2003542567-b.html |
| 906 |
_a7 _bcbc _corignew _d2 _encip _f20 _gy-gencatlg |
||
| 942 |
_2ddc _cBK |
||
| 999 |
_c328527 _d328527 |
||